| 000 | 00899pam a2200253 i 4500 | ||
|---|---|---|---|
| 005 | 20160108111449.0 | ||
| 008 | 920612s1993 dcu b 001 0 eng | ||
| 020 | _a1560982179 (alk. paper) | ||
| 040 |
_aDLC _cDLC _dCO-BoIAVH |
||
| 041 | _aeng | ||
| 044 | _axxu | ||
| 082 | 0 | 4 |
_a599 _bM26m |
| 245 | 0 | 0 |
_aMammal species of the world : _ba taxonomic and geographic reference / _cedited by Don E. Wilson and DeeAnn M. Reeder. |
| 250 | _aSegunda edición | ||
| 260 |
_aWashington : _bSmithsonian Institution Press, _cc1993. |
||
| 300 |
_axviii, 1206 p. ; _c26 cm. |
||
| 504 | _aIncluye referencias bibliográficas e índice. | ||
| 650 | 1 | 4 |
_aMamíferos _xClasificación |
| 650 | 1 | 4 |
_aMamíferos _xIdentificación |
| 650 | 0 |
_aMamíferos _xDistribución geográfica |
|
| 700 | 1 |
_aWilson, Don E., _eeditor |
|
| 700 | 1 |
_aReeder, DeeAnn M., _eeditor |
|
| 942 |
_2ddc _cLIBRO |
||
| 999 |
_c841 _d841 |
||